000 00652nam a22001697a 4500
003 OSt
005 20171010095458.0
008 120720t xxu||||| |||| 00| 0 eng d
040 _aMMSU
_cULS
100 _aLlewelyn D. Cariaga
_911311
245 _aFormulation of wound healing ointment from banana (Musa paradisiaca L.) fruit ginger (Zingiber officinale) rhizome and mango (Mangifera indica L.) leaf
_cLlewelyn D. Cariaga
260 _c2008
300 _axv, 33 leaves
_c28 cm.
500 _aThesis (BS Biology) -- Mariano Marcos State University-College of Arts & Sciences, Batac City
504 _aBibliography: leaf 25
942 _2ddc
_cTHEDIS
999 _c9640
_d9640